• 首页
  • 本馆介绍
  • 公告通知
  • 最新文献
  • 馆藏检索
  • 电子资源
  • 读者导购
  • 参考咨询
  • 我的图书馆
  • 登录
  • 详细信息显示
  • 放入我的书架
  • 预约/预借图书
  • 作者相关作品
  • 分类相关作品
  • 丛书相关作品
  • 出版社相关作品

书目信息

  • 表格格式
  • 工作单格式
  • 卡片格式
题名:
苏州大众菜点
    
 
作者: 季佳忠 , 刘必来 编
分册:  
出版信息: 合肥   安徽科学技术出版社  1999.8
页数: 134页
开本:
丛书名: 中国名城大众菜点丛书
单 册:
中图分类: TS972.182.53
科图分类:
主题词: 菜谱--cai pu--苏州
电子资源:
ISBN: 7-5337-1873-9
000 00811n 2200265 450
001 073000001525
005 20091020095034.79
010    @a7-5337-1873-9@dCNY10.60
100    @a20050305d1999 km y0chiy0121 eb
101 0  @achi
105    @ay z000yy
200 10 @a苏州大众菜点@f季佳忠, 刘必来编@Asu zhou da zhong cai dian
210    @a合肥@c安徽科学技术出版社@d1999.8
215    @a134页@d
225 2  @a中国名城大众菜点丛书
410  0 @12001 @a中国名城大众菜点丛书
461  0 @12001 @a中国名城大众菜点丛书
606    @a菜谱@Acai pu@y苏州
690    @aTS972.182.53@v4
701  0 @a季佳忠@Aji jia zhong@4编
701  0 @a刘必来@Aliu bi lai@4著
801  0 @aCN@bHX@c20091020
905    @aBZT@dTS972.182.53@e1
906    @dCNY10.60@n0@r1
999    @tA@Ashuju@a20040205 09:23:13@Ishuju@i20040205 09:23:20
    
    苏州大众菜点/季佳忠, 刘必来编.-合肥:安徽科学技术出版社,1999.8
    134页.-(中国名城大众菜点丛书)
    
    
    ISBN 7-5337-1873-9:CNY10.60
    
●
相关链接 在五车中查询图书 在当当中查询图书 在豆瓣中查询图书


正题名:苏州大众菜点     索取号:TS972.182.53/1         预约/预借

序号 登录号 条形码 馆藏地/架位号 状态 备注
1 414136   210437071   中心书库中库/ 中库024架A面6列1层69/ [索取号:TS972.182.53/1] 在馆    
2 414137   210437062   中心书库中库/ 中库024架A面6列1层66/ [索取号:TS972.182.53/1] 在馆    
3 414138   210437053   中心书库中库/ 中库024架A面6列1层73/ [索取号:TS972.182.53/1] 在馆    
4 414139   210437044   中心书库中库/ 中库024架A面6列1层71/ [索取号:TS972.182.53/1] 在馆    
5 414140   210437035   中心书库中库/ 中库024架A面6列1层67/ [索取号:TS972.182.53/1] 在馆    
6 414141   210437026   中心书库中库/ 中库024架A面6列1层74/ [索取号:TS972.182.53/1] 在馆    
7 414142   210437017   中心书库中库/ 中库024架A面6列1层68/ [索取号:TS972.182.53/1] 在馆    
8 414143   210437008   中心书库中库/ 中库024架A面6列1层70/ [索取号:TS972.182.53/1] 在馆    
9 414144   210436991   中心书库中库/ 中库024架A面6列1层72/ [索取号:TS972.182.53/1] 在馆    
10 414145   210436982   中心书库中库/ 中库024架A面6列1层75/ [索取号:TS972.182.53/1] 在馆    
山东省滨州职业学院图书馆 欢迎您!
大连网信软件有限公司© 版权所有